Súčasné tendencie vo vývoji typov organizácie hospodárskej sféry SR Príloha Hospodárskych novín
Základné súčasné tendencie vo vývoji organizačných foriem a typov organizácie v SR z rozličných hľadísk (podľa druhu vlastníctva, veľkosti organizácie, podľa odvetví). Organizačná štatistika.
Salvato in:
| Natura: | Capitolo di libro |
|---|---|
| Lingua: | slovacco |
| Soggetti: | |
| Tags: |
Nessun Tag, puoi essere il primo ad aggiungerne!!
|
MARC
| LEADER | 00000naa a2200000 4500 | ||
|---|---|---|---|
| 001 | r021044 | ||
| 005 | 20230801104717.2 | ||
| 041 | 0 | |a slo | |
| 044 | |a SK | ||
| 245 | 1 | 0 | |a Súčasné tendencie vo vývoji typov organizácie hospodárskej sféry SR |b Príloha Hospodárskych novín |
| 520 | |a Základné súčasné tendencie vo vývoji organizačných foriem a typov organizácie v SR z rozličných hľadísk (podľa druhu vlastníctva, veľkosti organizácie, podľa odvetví). Organizačná štatistika. | ||
| 610 | 2 | 0 | |a Slovensko |
| 610 | 2 | 0 | |a 1996 |
| 610 | 2 | 0 | |a organizácie |
| 610 | 2 | 0 | |a štruktúra organizačná |
| 610 | 2 | 0 | |a formy organizácií |
| 610 | 2 | 0 | |a veľkosť podnikov |
| 610 | 2 | 0 | |a vlastníctvo |
| 610 | 2 | 0 | |a formy podnikov |
| 610 | 2 | 0 | |a štruktúra ekonomická |
| 610 | 2 | 0 | |a údaje štatistické |